000 00569nam a22002297a 4500
003 UA-OsUOA
001 53683
007 ta
008 20080415b un ||||| |||| 00| 0 ukr d
100 _aОлбрайт М.
090 _a327+2
_bО-53
942 _cBK
040 _aUA-OsUOA
_brus
_cUA-OsUOA
_dUA-OsUOA
245 _aРелигия и мировая политика
300 _a352 с.
955 _a2
041 _arus
080 _a327+2
260 _aМ.
_bАльпина
_c2007
650 7 _a2 Релігія. Теологія.
_2UDC
999 _c339768
_d339768